| 000 | 00987nam a2200301 a 4500 | ||
|---|---|---|---|
| 001 | 68163 | ||
| 003 | BD-RjUL | ||
| 005 | 20211209081734.0 | ||
| 008 | 170330s1984 nyua b 001 0 eng | ||
| 020 |
_a0471862843 : _c$23.95 (est.) |
||
| 035 | _a(BD-RjUL)68373 | ||
| 040 |
_aDLC _cDLC _dDLC _beng |
||
| 041 | _aeng | ||
| 082 | 0 | 0 |
_a150 _223 _bKIP 1984 |
| 100 | 1 |
_aKimble, Gregory A. _9202058 |
|
| 245 | 1 | 0 |
_aPrinciples of psychology / _cGregory A. Kimble, Norman Garmezy, Edward Zigler. |
| 250 | _a6th ed. | ||
| 260 |
_aNew York : _bWiley, _cc1984. |
||
| 300 |
_axv, 661, [67] p. : _bill. ; _c28 cm. |
||
| 500 | _aRev. ed. of: Principles of general psychology. 5th ed. c1980. | ||
| 500 | _aIncludes indexes. | ||
| 504 | _aBibliography: p. [35]-[51] (3rd group) | ||
| 650 | 0 |
_aPsychology. _9202059 |
|
| 700 | 1 |
_aGarmezy, Norman. _9202060 |
|
| 700 | 1 |
_aZigler, Edward, _d1930- _9202061 |
|
| 700 | 1 |
_aKimble, Gregory A. _tPrinciples of general psychology. _9202062 |
|
| 942 |
_2ddc _cBK |
||
| 999 |
_c68163 _d68163 |
||